Meiji Taishō bungaku zenshū. Dai 13-kan /
Saved in:
| Main Author: | |
|---|---|
| Format: | Book |
| Language: | Japanese |
| Published: |
Tōkyō :
Shunʾyōdō,
Shōwa 5 [1930]
|
| Subjects: | |
| Tags: |
Add Tag
No Tags, Be the first to tag this record!
|
| LEADER | 01216nam a2200301ui 4500 | ||
|---|---|---|---|
| 001 | 007787543-5 | ||
| 005 | 20024617121422.0 | ||
| 008 | 921202s1930 ja 000 0 jpn d | ||
| 035 | 0 | |a ocm33789052 | |
| 040 | |a *LWU* |b jpn |c *LWU* |d OCoLC |d *YNH* |d CStRLIN | ||
| 100 | 1 | |6 880-01 |a Tokutomi, Kenjirō, |d 1868-1927. | |
| 245 | 1 | 0 | |6 880-02 |a Meiji Taishō bungaku zenshū. |n Dai 13-kan / |c Tokutomi Roka cho. |
| 260 | |6 880-03 |a Tōkyō : |b Shunʾyōdō, |c Shōwa 5 [1930] | ||
| 300 | |a 578 p. ; |c 20 cm. | ||
| 500 | |6 880-04 |a Hibaihin. | ||
| 500 | |6 880-05 |a Chosha no shōzō ari. | ||
| 505 | 0 | |6 880-06 |a Hototogisu -- Shizen to jinsei -- Omoide no ki -- Kaidai / Tokutomi Aiko. | |
| 650 | 0 | |a Japanese literature |y Shōwa period, 1926-1989. | |
| 650 | 0 | |a Japanese literature |y Taishō period, 1912-1926. | |
| 880 | 1 | |6 100-01 |a 徳富蘆花, |d 1868-1927. | |
| 880 | 1 | 0 | |6 245-02 |a 明治大正文学全集. |n 第13卷 / |c 徳富蘆花著. |
| 880 | |6 260-03 |a 東京 : |b 春陽堂, |c 昭和5 [1930] | ||
| 880 | |6 500-04 |a 非賣品. | ||
| 880 | |6 500-05 |a 著者の肖像あり. | ||
| 880 | 0 | |6 505-06 |a 不如帰 -- 自然と人生 -- 思出の記 -- 解題/ 徳富愛子. | |
| 886 | 2 | |2 jpnmarc |a 677 |b 918.6 | |
| 988 | |a 20021220 | ||
| 906 | |0 OCLC | ||


